000 00458nam a2200157 i 4500
001 149530
003 ES-MaACL
005 20230906203137.0
007 t|
008 071023s1963 sp ||||1| spa d
100 1 _aVázquez Campo, Antonio.
_9113403
245 1 0 _aManifiesto humanobiológico /
_cAntonio Vázquez Campo.
260 _aSalamanca :
_b[s.n.],
_c1963 (
_fTall. Cervantes)
300 _a254 p. ;
_c21 cm.
852 _aES-MaACL
_jC-24079
_bR.52807
999 _c149530
_d149530